Impossible Minecraft Trivia - Statistics

General Stats
  • This quiz has been taken 712 times
  • The average score is 5 of 10
Answer Stats
Question Answer % Correct
What is the lowest you can go on the Y axis? -64
88%
How many blocks would you have to travel in a straight line from 0,0 to reach the world border in Java edition? 30 million
63%
How long does it take a stone axe to cooldown? 1.25 seconds
53%
What is the rarest biome in the game? Modified jungle edge
52%
When was Minecraft 1.0 released? 18th November 2011
44%
What was the first Minecraft server ever created? Minecraft Online
41%
What was the name of the 1.5 update? Redstone update
40%
What 2 naturally generating structures are the only places you can find naturally generated glass blocks? Woodland Mansions, Ancient Cities
38%
How many obsidian towers are there in the end? 10
34%
Where was Minecon 2010 held? Belluve, USA
11%
No matching quizzes found
Score Distribution
Percent of People with Each Score
Percentile by Number Answered
Your Score History
You have not taken this quiz